000 05012cam a22012614i 4500
003 PE-LiUPU
005 20250813185340.0
008 161116s2013 ckb r b 000 0 spa d
020 _a9588695406
020 _a9789588695402
035 _a(Sirsi) a165144
040 _aPE-LiUPU
_bspa
_cPE-LiUPU
_erda
041 0 _aspa
049 _aPRUA
082 0 4 _a370.155
_bM8
_220
040 _aPE-LiUPU
245 1 0 _aMotricidad :
_bescenarios de debate /
_cNapoleón Murcia Peña ... [et al.] ; compiladores Deibar René Hurtado Herrera, Napoleón Murcia Peña.
264 1 _aColombia :
_bEditorial Kinesis,
_c2013.
300 _a190 páginas :
_bilustaciones ;
_c24 centimetros.
336 _atext
_2rdacontent
337 _aunmediated
_2rdamedia
338 _avolume
_2rdacarrier
504 _aBibliografía al final de cada capirulo
505 0 _aCapítulo I La motricidad. expresión simbólica e imaginaria -- Introducción -- Naturaleza de lo simbólico e imaginario -- ¿Y lo imaginario? -- Motricidad humana como campo simbólico e imaginario social -- Los acuerdos sociales sobre la naturaleza simbólica e imaginaria de la motricidad -- Referencias -- Capitulo II motricidad e imaginarios. de los tránsitos, los regímenes y las prácticas -- Resumen -- Contextualización -- El régimen diurno, ascensional y trascendente -- Del régimen nocturno, vaginal y acuático -- Del régimen crepuscular de la configuración y de los campos -- La configuración -- Los campos -- Referencias -- Capitulo III hermenéutica y motricidad. la carne interior que somos -- Hermenéutica, facticidad y motricidad -- La pre-comprensión y nuestro ser encarnado -- Retos y vicisitudes para una hermenéutica encarnada -- Referencias -- Capitulo IV las practicas corporales en el horizonte de la educación corporal -- Introducción -- Danzar como práctica corporal estética -- Jugar como dimensión estética -- Caminar como apretura de horizontes -- El gesto como lenguaje corporal -- Las sensaciones kinestésicas como constitución de la percepción --Las prácticas corporales como despliegue de potencias -- Referencias -- Capítulo V una apuesta de re significación de la motricidad en tanto dimensión humana -aportes al actual debate -- Punto de partida --Rastreando enclaves conceptuales de la motricidad en distintas áreas del conocimiento - La motricidad, campo de conocimiento de orden transdiciplinar -- Deslinde epistemológico: movimiento-motricidad -- Elementos constitutivos de la motricidad -- La motricidad: una dimensión constitutiva de lo humano -- La motricidad como campo de configuración de lo humano y su potencia en la escena pedagógica -un caso a manera de ejemplo- --Referencias.
526 _aP202
526 _aP201
526 _aP163
526 _aP162
526 _aP161
526 _aP160
526 _aP148
526 _aP147
526 _aP146
526 _aP145
526 _aP144
526 _aP143
526 _aP142
526 _aP141
526 _aP140
526 _aP139
526 _aP138
526 _aP137
526 _aP136
526 _aP135
526 _aP134
526 _aP133
526 _aP129
526 _aP128
526 _aP127
526 _aP120
526 _aP119
526 _aP118
526 _aP116
526 _aP115
526 _aP114
526 _aP110
526 _aP109
526 _aP108
526 _aP104
526 _aP103
526 _aP102
526 _aP99
526 _aP98
526 _aP97
526 _aP96
526 _aP95
526 _aP93
526 _aP90
526 _aP89
526 _aP88
526 _aP83
526 _aP82
526 _aP62
526 _aP59
526 _aP58
526 _aP57
526 _aP51
526 _aP49
526 _aP48
526 _aP47
526 _aP29
526 _aP24
526 _aP20
526 _aP19
526 _aP17
526 _aP15
526 _aP14
526 _aP12
526 _aP10
526 _aP09
526 _aP08
526 _aP07
526 _aP06
526 _aP05
526 _aP04
526 _aP01
541 _g001-003310
650 0 4 _aMotricidad.
650 0 4 _aAptitud motora.
650 0 4 _aBiomecánica.
700 1 _aMurcia Peña, Napoleón.
700 1 _aHurtado Herrera, Deibar René,
_ecomp.
910 _ajck
_bjos
_cjck
_d20161116
942 _2ddc
_cBOOK
949 _a370.155 M8
_wDEWEY
_c1
_i75054
_lCATALOGING
_mBUL
_p28.00
_r0
_sY
_tBOOK
_u2016-11-16
_xEDUCACION
_zEDUCACION
_0COMPRA
_o.CIRCNOTE. El documento es de alto precio.
_o.STAFF. Colección Ciencias Humanas y Educación
596 _a1
999 _a370.155 M8
_wDEWEY
_c13927
_i75054
_d13927
_e2017-6-5
_f2021-11-8
_g5
_lCCODEBUL1
_mBUL
_n1
_p28.00
_r0
_sY
_tBOOK
_u2016-11-16
_xEDUCACION
_PP14
_0COMPRA
_o.STAFF. Colección Ciencias Humanas y Educación
980 _81
_gALBERTO SANCHEZ Responsable de Automatización